El aseguramiento de la prueba en el proceso civil y penal

Detalles Bibliográficos
Autor principal: Gil Vallejo, Beatriz
Formato: Libro
Lenguaje:español
Publicado: Barcelona : J.M. Bosch Editor, 2011
Colección:Bosch procesal
Materias:
Acceso en línea:Acceso restringido

MARC

LEADER 00000nam a2200000 a 4500
005 20120220131424.0
007 cr|||| ||||
008 111028s2011 spc f b 000 0 spa c
017 |a DL SE. 7341-2011 
020 |a 9788476989913  
035 |a 6011 
040 |d vLex 
080 |a 336.22:352(460) 
090 |c 2999  |d 2999 
100 1 |a Gil Vallejo, Beatriz 
245 1 3 |a El aseguramiento de la prueba en el proceso civil y penal   |h [Recurso electrn̤ico] /  |c Beatriz Gil Vallejo 
256 |a Servicio en ln̕ea 
260 |a Barcelona :  |b J.M. Bosch Editor,  |c 2011 
300 |a 1 recurso electrn̤ico 
500 |a La presente obra pretende aproximar a los operadores jurd̕icos las medidas de aseguramiento de la prueba en el m̀bito del proceso civil (arts. 297 y 298) una materia que pese a que supuso toda una innovacin̤ legislativa con la entrada en vigor de la Ley 1/2000, de 7 de enero, de Enjuiciamiento Civil no ha tenido en la prc̀tica el calado previsto, pese a la gran utilidad que pueden aportar al proceso, pues sin el aseguramiento de las fuentes de prueba, la posterior prc̀tica del medio de prueba resultar ̀imposible quedando frustradas las expectativas iniciales. Asimismo se aborda el aseguramiento de la prueba en el proceso penal actual, que a travš del examen de la validez de las diligencias sumariales, nos conducir ̀a tratar la validez de la prueba pericial preconstituida. 
504 |a Bibliografa̕: p. [191]-201 
506 1 |a Contenido solo disponible en los productos indicados  |d vLex Global   |d vLex Global (Academic Edition, excluding Law Schools)   |d vLex Global (U.S. Academic Edition, Law Schools)   |d vLex Global (U.S. Academic Edition, excluding Law Schools)   |d vLex Global (Academic Edition, Law Schools)  
650 0 4 |a Prueba (Derecho)  |z Espaą 
650 0 4 |a Prueba penal  |z Espaą 
740 0 |a vLex Libros (Servicio en ln̕ea) 
830 0 |a Bosch procesal 
856 4 0 |u http://vlex.com/source/aseguramiento-prueba-proceso-civil-penal-6011  |z Acceso restringido 
942 |c BOOK 
999 0 |a  Evidence, Criminal 
999 0 |a Evidence (Law) 
999 0 |a Criminal law